Ganadores de la Copa del Rey - ¡Muerte súbita! - Estadísticas

Estadísticas generales
  • Esta prueba ha sido intentada 3.459 veces
    1.097 desde el último reinicio
  • La puntuación promedio es 9 de 14
Answers on the Grid
Answers color-coded by a green-red scale on the quiz's grid according to % correct below.
Arenas de Getxo
Athletic Club
Celta de Vigo
Club Atlético de Madrid
Club Atlético Osasuna
C. D. Mirandés
Deportivo Alavés
Elche Club de Fútbol
Fútbol Club Barcelona
Getafe Club de Fútbol
Granada Club de Fútbol
Racing Club de Ferrol
Real Betis Balompié
Real Club Deportivo de La Coruña
Real Club Deportivo Espanyol
Real Club Deportivo Mallorca
Real Club Recreativo de Huelva
Real Madrid Club de Fútbol
Real Racing Club de Santander
Real Sociedad de Fútbol
Real Sporting de Gijón
Real Unión Club de Irún
Real Valladolid Club de Fútbol
Real Zaragoza
Sevilla Fútbol Club
Unión Deportiva Las Palmas
Valencia Club de Fútbol
 
Estadísticas de respuestas
Respuesta % Correcto
Fútbol Club Barcelona
85%
Real Madrid Club de Fútbol
85%
Athletic Club
84%
Club Atlético de Madrid
80%
Valencia Club de Fútbol
76%
Real Betis Balompié
75%
Sevilla Fútbol Club
75%
Real Sociedad de Fútbol
69%
Real Club Deportivo de La Coruña
62%
Real Zaragoza
62%
Real Club Deportivo Espanyol
51%
Real Club Deportivo Mallorca
43%
Arenas de Getxo
36%
Real Unión Club de Irún
35%
No se encontraron pruebas coincidentes
Distribución de puntuación
Porcentaje de gente con cada puntuación
Porcentaje por número respondido
Historial de tus puntuaciones
No has intentado esta prueba desde el último reinicio